| 000 | 00573nmm a2200193Ia 4500 | ||
|---|---|---|---|
| 008 | 251105s9999||||xx |||||||||||||||||und|| | ||
| 041 | _aspa | ||
| 100 | _aMurail, Marie-Aude | ||
| 245 | 0 | _aSin azúcar, gracias | |
| 264 |
_a[México D.C., Mexico] : _bFondo de Cultura Económica, _c2003 |
||
| 300 | _a101 páginas | ||
| 490 | _aA la Orilla del Viento | ||
| 650 | _aAges 9-12 Years Old | ||
| 700 | _aMurail, Marie-Aude | ||
| 700 | 1 | _a Gutiérrez-Otero, Patricia | |
| 700 | 1 | _a Janco, Tania | |
| 856 | _uhttps://public.digitaliapublishing.com/a/65038 | ||
| 942 | _cCF | ||
| 999 |
_c69222 _d69222 |
||